[Event "Chernigov"]
[Site "Chernigov"]
[Date "2005.02.01"]
[Round "13"]
[White "Potebnya, Vladimir"]
[Black "Fiodorov, Mikhail"]
[Result "1-0"]
[WhiteElo "2225"]
[BlackElo "2185"]
[PlyCount "125"]
[EventDate "2005.01.22"]
[EventType "tourn"]
[EventRounds "15"]
[EventCountry "UKR"]
[EventCategory "3"]
[SourceTitle "CBM 104 Extra"]
[Source "ChessBase"]
[SourceDate "2005.03.01"]
[SourceVersion "1"]
[SourceVersionDate "2005.03.01"]
[SourceQuality "1"]

1. e4 c5 2. Nf3 g6 3. d4 Bg7 4. c3 Qa5 5. d5 d6 6. Be2 Nf6 7. Nbd2 0-0 8. 0-0 a6 9. Nb3 Qc7 10. Qc2 b5 11. Nfd2 Nbd7 12. f4 Bb7 13. Nf3 Rfc8 14. Be3 Ng4 15. Bd2 Qb6 16. h3 Ngf6 17. Be3 b4 18. c4 a5 19. a4 bxa3 20. bxa3 a4 21. Nbd2 Rcb8 22. Rab1 Qa6 23. Rfe1 Bc8 24. e5 Ne8 25. Bd3 dxe5 26. fxe5 Nxe5 27. Nxe5 Bxe5 28. Bxc5 Bf6 29. Ne4 Rxb1 30. Nxf6+ Qxf6 31. Rxb1 Nd6 32. Rb6 Kg7 33. Be3 Qa1+ 34. Qc1 Qxc1+ 35. Bxc1 Ba6 36. Rxa6 Rxa6 37. c5 Ra5 38. cxd6 exd6 39. Bb2+ Kf8 40. Be4 Rb5 41. Bc3 Ke7 42. Bb4 f5 43. Bc2 Rxd5 44. Bxa4 Re5 45. Bb3 Kd7 46. Kf2 g5 47. a4 h5 48. a5 Kc6 49. a6 Kb6 50. Bxd6 Re8 51. Bc4 Rc8 52. Be2 g4 53. Bf4 gxh3 54. gxh3 Rc2 55. Be3+ Kc7 56. a7 Ra2 57. Kg3 Rxe2 58. a8Q Rxe3+ 59. Kh4 f4 60. Qa5+ Kd6 61. Qxh5 f3 62. Qh6+ Re6 63. Qf4+ 1-0

[Event "Chernigov"]
[Site "Chernigov"]
[Date "2005.01.27"]
[Round "7"]
[White "Potebnya, Vladimir"]
[Black "Dolzhikova, Olga"]
[Result "0-1"]
[WhiteElo "2225"]
[BlackElo "2257"]
[PlyCount "94"]
[EventDate "2005.01.22"]
[EventType "tourn"]
[EventRounds "15"]
[EventCountry "UKR"]
[EventCategory "3"]
[SourceTitle "CBM 104 Extra"]
[Source "ChessBase"]
[SourceDate "2005.03.01"]
[SourceVersion "1"]
[SourceVersionDate "2005.03.01"]
[SourceQuality "1"]

1. e4 e5 2. Nf3 Nf6 3. Nc3 Nc6 4. Bb5 Nd4 5. Nxd4 exd4 6. e5 dxc3 7. exf6 Qxf6 8. dxc3 Qe5+ 9. Qe2 Qxe2+ 10. Kxe2 Be7 11. Bf4 c6 12. Bd3 d5 13. Rhe1 Bg4+ 14. f3 Be6 15. Kf2 Kd7 16. a4 Bc5+ 17. Be3 Bd6 18. g3 h5 19. h4 a6 20. a5 Rae8 21. Bd4 c5 22. Bxg7 Bxg3+ 23. Kxg3 Rhg8 24. Kf4 Rxg7 25. Rg1 Reg8 26. Rxg7 Rxg7 27. Re1 c4 28. Bf5 Rg2 29. Bh7 f6 30. Bf5 Bxf5 31. Kxf5 Rxc2 32. Kxf6 Rxb2 33. Re7+ Kc6 34. Kg5 Rb5 35. Re6+ Kc5 36. Kxh5 d4 37. cxd4+ Kxd4+ 38. Kg6 c3 39. Re1 c2 40. Rc1 Kd3 41. h5 Rb1 42. Rxc2 Kxc2 43. h6 b5 44. axb6 Rxb6+ 45. Kg7 Kd3 46. h7 Rb7+ 47. Kg6 Rxh7 0-1

[Event "Chernigov"]
[Site "Chernigov"]
[Date "2005.01.24"]
[Round "3"]
[White "Nosenko, Alexander"]
[Black "Potebnya, Vladimir"]
[Result "1-0"]
[WhiteElo "2509"]
[BlackElo "2225"]
[PlyCount "49"]
[EventDate "2005.01.22"]
[EventType "tourn"]
[EventRounds "15"]
[EventCountry "UKR"]
[EventCategory "3"]
[SourceTitle "CBM 104 Extra"]
[Source "ChessBase"]
[SourceDate "2005.03.01"]
[SourceVersion "1"]
[SourceVersionDate "2005.03.01"]
[SourceQuality "1"]

1. d4 Nf6 2. Nf3 c5 3. d5 b5 4. Bg5 Ne4 5. Bf4 Qa5+ 6. Nbd2 Bb7 7. a4 Bxd5 8. axb5 Qb6 9. Nxe4 Bxe4 10. Nd2 Bb7 11. e4 d6 12. Nc4 Qc7 13. Rxa7 Rxa7 14. b6 Qc8 15. bxa7 Nc6 16. Qa1 Qa8 17. Na5 Nxa7 18. Qa4+ Kd8 19. Nxb7+ Qxb7 20. Bd3 e5 21. Bd2 f5 22. 0-0 Nc6 23. f4 Nd4 24. fxe5 dxe5 25. Ba5+ 1-0